00522nam a2200193 a 4500001001300000003000900013005001700022008004100039020001000080082001900090100002300109245005100132260004700183300000800230500003500238505001300273650001900286700002300305nice12345678IN_TiNIC20260116011700.0050524s1969 mada grp 000 0 eng  ac10000a320.0954bCHA1 aChatterji, Saral K aPeople, Parliament and the Fundamental Rights. aMadrasbChristian Literature Societyc1969 a94p aincludes index and biblioraphy2 aAppendix aPolitics-India1 aChatterji, Saral K